| 000 | 00687nam a2200229Ia 4500 | ||
|---|---|---|---|
| 003 | GCL | ||
| 005 | 20240530105003.0 | ||
| 008 | 140319s9999 xx 000 0 ara d | ||
| 020 | _a1255208977 | ||
| 040 |
_aGCL / _cGCL |
||
| 082 | 0 | 4 |
_a720.953 _bى م |
| 100 | 1 | _aيحيى وزيرى | |
| 245 | 1 | 0 |
_aموسوعة عناصر العمارة الاسلامية / _cيحيى وزيرى |
| 250 | _aالاولى | ||
| 260 |
_aالقاهرة : _bمكتبة مدبولى ، _c2000 |
||
| 300 |
_a2 مجلد+4 مجلد ؛ _c24 سم |
||
| 650 | 0 | 4 | _aالعمارة الاسلامية |
| 650 | 0 | 4 | _aالمساجد |
| 650 | 0 | 4 | _aالعمارة |
| 650 | 0 | 4 | _aالماذن |
| 942 |
_2ddc _cBK |
||
| 999 |
_c52322 _d52322 |
||